| 000 | 00682nam a2200205 i 4500 | ||
|---|---|---|---|
| 001 | 133540 | ||
| 003 | ES-MaACL | ||
| 005 | 20230906194437.0 | ||
| 007 | t| | ||
| 008 | 070820s1970 sp ||||1| spa d | ||
| 100 | 1 |
_aWolff, Sula. _9117265 |
|
| 245 | 1 | 0 |
_aTrastornos psíquicos del niño _b: causas y tratamientos / _cpor Sula Wolff ; traducción de Manuel Cuesta Rueda. |
| 250 | _a[1ª ed.]. | ||
| 260 |
_a[Madrid] : _bSiglo XXI de España, _c[1970] |
||
| 300 |
_aXVI, 264 p. ; _c21 cm. |
||
| 650 | 1 | 4 |
_aNiños- _xEnfermedades- _xTratamiento. _915547 |
| 650 | 1 | 4 |
_aNiños- _xPsicología. _915554 |
| 700 | 1 |
_aCuesta Rueda, Manuel. _942067 |
|
| 852 |
_aES-MaACL _jC-38556 _bR.73803 |
||
| 999 |
_c133540 _d133540 |
||